Poems / (Record no. 21196)
[ view plain ]
| 000 -LEADER | |
|---|---|
| fixed length control field | 00823cam a22002651 4500 |
| 001 - CONTROL NUMBER | |
| control field | 21196 |
| 003 - CONTROL NUMBER IDENTIFIER | |
| rucl marc code | BD-RjUL |
| 005 - DATE AND TIME OF LATEST TRANSACTION | |
| control field | 20211209000647.0 |
| 008 - FIXED-LENGTH DATA ELEMENTS--GENERAL INFORMATION | |
| fixed length control field | 140303s1950 njuac b 000 0 eng d |
| 035 ## - SYSTEM CONTROL NUMBER | |
| System control number | (BD-RjUL) 21260 |
| System control number | (OCoLC)993556 |
| 040 ## - CATALOGING SOURCE | |
| Original cataloging agency | DLC |
| Transcribing agency | OWilmC |
| Modifying agency | OCoLC |
| -- | Uk |
| -- | DLC |
| -- | BD-RjUL |
| Language of cataloging | eng |
| 041 ## - LANGUAGE CODE | |
| Language code of text/sound track or separate title | eng |
| 082 00 - DEWEY DECIMAL CLASSIFICATION NUMBER | |
| Classification number | 821.69 |
| Author mark and year | SMP 1950 |
| 100 1# - MAIN ENTRY--PERSONAL NAME | |
| Personal name | Smart, Christopher, |
| Dates associated with a name | 1722-1771. |
| 9 (RLIN) | 60859 |
| 245 00 - TITLE STATEMENT | |
| Title | Poems / |
| Statement of responsibility, etc. | edited with an introd. and notes by Robert Brittain. |
| 260 ## - PUBLICATION, DISTRIBUTION, ETC. (IMPRINT) | |
| Place of publication, distribution, etc. | Princeton : |
| Name of publisher, distributor, etc. | Princeton University Press, |
| Date of publication, distribution, etc. | 1950. |
| 300 ## - PHYSICAL DESCRIPTION | |
| Pagination | xii, 326 p. : |
| Illustrations | illus., ports. ; |
| Size | 24 cm. |
| 504 ## - BIBLIOGRAPHY, ETC. NOTE | |
| Bibliography, etc | Bibliography: p. [319]-321. |
| 650 #0 - SUBJECT ADDED ENTRY--TOPICAL TERM | |
| Topical term or geographic name as entry element | Poems |
| 9 (RLIN) | 65501 |
| 700 1# - ADDED ENTRY--PERSONAL NAME | |
| Personal name | Brittain, Robert Edward, |
| Dates associated with a name | 1908- |
| Relator term | ed. |
| 942 ## - ADDED ENTRY ELEMENTS (KOHA) | |
| Source of classification or shelving scheme | Dewey Decimal Classification |
| Koha item type | Books |
| Lost status | Source of classification or shelving scheme | Damaged status | Not for loan | Collection code | Permanent Location | Current Location | Shelving location | Date acquired | Source of acquisition | Cost, normal purchase price | Total Checkouts | Full call number | Date last seen | Copy number | Koha item type |
|---|---|---|---|---|---|---|---|---|---|---|---|---|---|---|---|
| Dewey Decimal Classification | Added to bundle | Fiction | Central Library, University of Rajshahi | Central Library, University of Rajshahi | Reading Room | 09/08/1955 | Oxford university Press | 20.00 | 821.69 SMP 1950 | 03/03/2014 | C-1 | Books |